Preálgebra / (Record no. 45925)

MARC details
000 -CABECERA
campo de control de longitud fija 00706nam a2200205 a 4500
005 - FECHA Y HORA DE LA ÚLTIMA TRANSACCIÓN
campo de control 20240611063649.0
008 - ELEMENTOS DE LONGITUD FIJA--INFORMACIÓN GENERAL
campo de control de longitud fija 991125s1992 wil 000 0 spa u
020 ## - NÚMERO INTERNACIONAL NORMALIZADO PARA LIBROS
Número Internacional Estándar del Libro 0201518686
035 ## - NÚMERO DE CONTROL DEL SISTEMA
Número de control de sistema UPN01000045925
049 ## - COLECCIÓN
Colección CG
050 #4 - SIGNATURA TOPOGRÁFICA DE LA BIBLIOTECA DEL CONGRESO
Número de clasificación QA159
Número de documento/Ítem O3.68
100 1# - ASIENTO PRINCIPAL--NOMBRE PERSONAL
Nombre de persona O'Daffer, Phares G.
9 (RLIN) 29745
245 10 - MENCIÓN DE TÍTULO
Título Preálgebra /
Mención de responsabilidad, etc. Phares G. O'Daffer, Stanley R. Clemens, Randall I. Charles ; tr. Constancio Hernández García y Claudia Patiño Román.
260 ## - PUBLICACIÓN, DISTRIBUCIÓN, ETC.
Lugar de publicación, distribución, etc. Wilmington, Del. :
Nombre del editor, distribuidor, etc. Addison-Wesley Iberoamericana,
Fecha de publicación, distribución, etc. 1992.
300 ## - DESCRIPCIÓN FÍSICA
Extensión 582 p. :
Otras características físicas il.
650 #4 - ASIENTO SECUNDARIO DE MATERIA - TERMINO TEMATICO
Término de materia o nombre geográfico como elemento de entrada Álgebra
Subdivisión general Estudio y enseñanza
9 (RLIN) 2073
700 1# - ASIENTO SECUNDARIO--NOMBRE DE PERSONAL
Nombre de persona Clemens, Stanley R.,
Término indicativo de función/relación coaut.
700 1# - ASIENTO SECUNDARIO--NOMBRE DE PERSONAL
Nombre de persona Randall I. Charles,
Término indicativo de función/relación coaut.
905 ## - TIPO DE MATERIAL
Tipo de material Libro
Holdings
Estado de retiro Estado de pérdida Fuente del sistema de clasificación o colocación Estado dañado No para préstamo Código de colección Localización permanente Ubicación/localización actual Ubicación en estantería Enumeración/cronología de publicación seriada Total de préstamos Clasificación Código de barras Fecha visto por última vez Número de copia Tipo de ítem Koha
    Library of Congress Classification     Colección General Bib. Gregorio Torres Quintero Bib. Gregorio Torres Quintero Planta baja - 20 QA159 O3.68 156859 31/12/2020 1 Libro
    Library of Congress Classification     Colección General Bib. Gregorio Torres Quintero Bib. Gregorio Torres Quintero Planta baja ej.5 - 15 QA159 O3.68 174859 31/12/2020 1 Libro
    Library of Congress Classification     Colección General Bib. Gregorio Torres Quintero Bib. Gregorio Torres Quintero Planta baja ej.2 - 14 QA159 O3.68 153450 31/12/2020 1 Libro
    Library of Congress Classification     Colección General Bib. Gregorio Torres Quintero Bib. Gregorio Torres Quintero Planta baja ej.6 - 12 QA159 O3.68 174860 31/12/2020 1 Libro
    Library of Congress Classification     Colección General Bib. Gregorio Torres Quintero Bib. Gregorio Torres Quintero Planta baja ej.4 - 8 QA159 O3.68 132481 31/12/2020 1 Libro
    Library of Congress Classification     Colección General Bib. Gregorio Torres Quintero Bib. Gregorio Torres Quintero Planta baja ej.3 - 12 QA159 O3.68 156858 31/12/2020 1 Libro